000 00666nam a2200217Ia 4500
005 20250508162337.0
008 008 250505s9999 xx 000 0 eng d
020 _a0-8039-1361-3
037 _aTextual
040 _aFEDL
_beng
_cFEDL
041 _aeng
_2eng
084 _a371.26, BAK
_qFEDL
100 _aBaker Eva L Ed.
_992920
245 0 _aEducational testing and evaluation : Design, analysis and policy
260 _aLondon, UK
_bSage Publications
_c1980
300 _a242p
650 _aEducational Test and Measurements
_9577435
700 _a Quellmalz Eday S Ed.
_9772923
942 _cTEXL
_h371.26, BAK
999 _c1375956
_d1375956